Statistics for Groups of Things - Star Wars

Click here to take the quiz!

General Stats

  • This quiz has been taken 1,253 times
    (949 since last reset)
  • The average score is 26 of 65

Answer Stats

HintAnswer% Correct
Lightsaber colorsBlue
94%
Lightsaber colorsGreen
93%
Lightsaber colorsRed
93%
Force Lightning usersDarth Sidious
91%
Lightsaber colorsPurple
91%
Lightsaber colorsYellow
89%
Lightsaber colorsWhite
86%
Lightsaber colorsBlack
80%
Killed by Darth SidiousMace Windu
78%
Force Lightning usersCount Dooku
76%
[ ] - Wing starfightersX-Wing
76%
Planets / Moons in the PrequelsTatooine
75%
Planets / Moons in the PrequelsNaboo
74%
[ ] - Wing starfightersY-Wing
71%
Planets / Moons in the PrequelsCoruscant
65%
Darksaber ownersDarth Maul
64%
[ ] - Wing starfightersA-Wing
61%
Planets / Moons in the PrequelsMustafar
61%
[ ] - Wing starfightersB-Wing
56%
Killed by Darth SidiousKit Fisto
50%
Darksaber ownersDin Djarin
49%
Planets / Moons in the PrequelsGeonosis
49%
Planets / Moons in the PrequelsKamino
48%
Ghost crewEzra Bridger
45%
Darksaber ownersSabine Wren
42%
Ghost crewSabine Wren
42%
Ghost crewKanan Jarrus
41%
Characters killed by Darth Vader on MustafarNute Gunray
40%
Ghost crewChopper
39%
Ghost crewHera Syndulla
39%
Force Lightning usersRey
38%
Darksaber ownersBo-Katan Kryze
37%
Planets / Moons in the PrequelsKashyyyk
36%
Darksaber ownersPre Vizsla
36%
Planets / Moons in the PrequelsUtapau
34%
Ghost crewGarazeb Orrelios
33%
Darksaber ownersMoff Gideon
33%
Planets / Moons in the PrequelsAlderaan
31%
[ ] - Wing starfightersV-Wing
31%
[ ] - Wing starfightersU-Wing
30%
Killed by Darth SidiousSavage Opress
28%
Planets / Moons in the PrequelsFelucia
21%
Killed by Darth SidiousDarth Plagueis
20%
Killed by Darth SidiousSaesee Tiin
20%
Characters killed by Darth Vader on MustafarPoggle the Lesser
19%
Force Lightning usersSnoke
19%
Characters killed by Darth Vader on MustafarWat Tambor
19%
Killed by Darth SidiousAgen Kolar
18%
Planets / Moons in the PrequelsMygeeto
16%
Planets / Moons in the PrequelsPolis Massa
12%
Darksaber ownersTarre Vizsla
10%
Planets / Moons in the PrequelsCato Neimoidia
8%
Planets / Moons in the PrequelsSaleucami
8%
Characters killed by Darth Vader on MustafarRune Haako
7%
Characters killed by Darth Vader on MustafarShu Mai
7%
Force Lightning usersThe Son
7%
Force Lightning usersMother Talzin
6%
Characters killed by Darth Vader on MustafarSan Hill
6%
Characters killed by Darth Vader on MustafarPassel Argente
4%
Characters killed by Darth Vader on MustafarPo Nudo
4%
Characters killed by Darth Vader on MustafarRute Gunnay
4%
Characters killed by Darth Vader on MustafarCat Miin
3%
Characters killed by Darth Vader on MustafarTikkes
3%
Characters killed by Darth Vader on MustafarDenaria Kee
2%
Characters killed by Darth Vader on MustafarNank Tun
2%

Score Distribution

Percentile by Number Answered

Percent of People with Each Score

Your Score History

You have not taken this quiz since the last reset